000 004450000a22001450004500
090 _aAS
_bSeriadas
245 1 0 _aMicrosporidia parasitos de larvas de mosquitos de la costa Pacífica del Chocó
041 0 _aEspañol
700 1 _aWeiser, Jaroslav
_999426
700 1 _aRojas, William
_999427
700 1 _aOrduz, Sergio
_999428
100 1 _aZuluaga G., Juan Santiago
_910148
942 _cARTICULO
773 1 _tCaldasia
_345
_h2
_q231-236
_d1993
_g17
999 _c14986
_d14986